Disraeli (Record no. 5984)

MARC details
000 -CABECERA
campo de control de longitud fija 00844nam a2200253 a 4500
001 - NÚMERO DE CONTROL
campo de control BRCA_6298
005 - FECHA Y HORA DE LA ÚLTIMA TRANSACCIÓN
campo de control 20190320205414.0
008 - DATOS DE LONGITUD FIJA--INFORMACIÓN GENERAL
campo de control de longitud fija 040811s1928----nyuac#####---#000-0#eng-#
041 ## - CÓDIGO DE LENGUA
Código de lengua del texto/banda sonora o título independiente eng
044 ## - CÓDIGO DEL PAÍS DE LA ENTIDAD EDITORA/PRODUCTORA
Código MARC del país nyu
050 #4 - SIGNATURA TOPOGRÁFICA DE LA BIBLIOTECA DEL CONGRESO
Número de clasificación DA564
Número de documento/Ítem .B3 M33
-- 1928
100 1# - ENTRADA PRINCIPAL--NOMBRE DE PERSONA
Nombre de persona Maurois, Andreì
Fechas asociadas al nombre 1885-1967
9 (RLIN) 15795
245 10 - MENCIÓN DE TÍTULO
Título Disraeli
Resto del título a picture of the Victorian age
Mención de responsabilidad, etc. Andreì Maurois; translated by Hamish Miles.
260 ## - PUBLICACIÓN, DISTRIBUCIÓN, ETC.
Lugar de publicación, distribución, etc. Nueva York
Nombre del editor, distribuidor, etc. D. Appleton
Fecha de publicación, distribución, etc. 1928
300 ## - DESCRIPCIÓN FÍSICA
Extensión xiii, 379 p.
Otras características físicas il., retratos
Dimensiones 22 cm.
500 ## - NOTA GENERAL
Nota general Con firma de Franz Mayer
500 ## - NOTA GENERAL
Nota general Incluye índice alfabético
500 ## - NOTA GENERAL
Nota general K159
600 14 - PUNTO DE ACCESO ADICIONAL DE MATERIA--NOMBRE DE PERSONA
Nombre de persona Beaconsfield, Benjamin Disraeli
Fechas asociadas al nombre 1804-1881
9 (RLIN) 15796
651 #4 - PUNTO DE ACCESO ADICIONAL DE MATERIA--NOMBRE GEOGRÁFICO
Nombre geográfico Inglaterra
Subdivisión general Vida social y costumbres
Subdivisión cronológica Época Victoriana, 1837-1901
9 (RLIN) 15797
700 1# - PUNTO DE ACCESO ADICIONAL--NOMBRE DE PERSONA
Nombre de persona Miles, Hamish
Fecha de publicación/de la obra 1894-1937
Término indicativo de función/relación tr.
9 (RLIN) 15798
902 ## - CATALOGADOR
Iniciales GFM
942 ## - ELEMENTOS DE PUNTO DE ACCESO ADICIONAL (KOHA)
Fuente del sistema de clasificación o colocación Library of Congress Classification
Tipo de ítem Koha Libros
Holdings
Estado de retiro Estado de pérdida Estado dañado No para préstamo Localización permanente Ubicación/localización actual Fecha de adquisición Número de inventario Total de préstamos Signatura topográfica completa Código de barras Fecha visto por última vez Precio válido a partir de Tipo de ítem Koha
El ejemplar forma parte de la colección y puede ser consultado según las políticas vigentes.       Biblioteca del Museo Franz Mayer (Rogerio Casas-Alatriste) Biblioteca del Museo Franz Mayer (Rogerio Casas-Alatriste) 04/08/2011 K159   DA564 .B3 M33 1928 (K159) 6737 22/03/2019 22/03/2019 Libros